00470nam a2200181Ia 4500008004100000020001800041050001400059100001800073245003700091245004800128260001300176260003000189260000900219300001500228300002700243300001000270500000800280170918s9999 xx 000 0 und d a9780395912157 bR456 1977 aRey, Margaret aCurious George and the puppies / cby Margaret Rey ; illustrated by H. A. Rey. aBoston : bHoughton Mifflin Company, c1977 a23 pages : bcolored illustration ; c20cm. a550